000 01170nam a2200325 c 4500
003 BLK
005 20240618151835.0
008 180408b bul|||||r ||||||| ||bul||
010 _aKNG00050680000
040 _aBLK
041 _aBUL
_cBUL
080 _aАнглийска литература
_b821.111
_x-31
_z821.111-31
100 1 _aФорсайт, Фредерик
_eпърви автор
_9242148
700 _aГлавусанов, Павел Грозданов
_9241906
139 _aФорсайт, Фредерик
_bФ 72
245 1 0 _aДенят на Чакала
_bРоман
_cФредерик Форсайт; прев. Павел Грозданов Главусанов.
257 _aGBR
260 София
_bНар. култура
_c1991
300 _a367 с.
_c20 см
380 _aX
500 _aОриг. загл. The Day of the Jackal / Frederick Forsyth. - 10 000 тир.
653 _aтрилъри
653 _aромани
852 _aЦб 166451
856 4 _qpdf
_u
856 4 _qpdf
_u
942 _cKNG
_n0
944 _aCR
_c27.03.2017
_k30560
_lГеновева Генчева
944 _aED
_c27.03.2017
_kКети_Илиева
999 _c46872
_d46872